01539nam a2200325 a 4500001001100000003000800011006001900019007001500038008004100053010001700094020002800111040002100139035002000160050002200180082002600202245025000228260004700478300001700525504006600542533015200608650005900760650006500819650005300884651004600937655002900983700003101012700002801043710001701071856012501088ebr5005083CaPaEBRm u cr cn|||||||||980420s1999 ctu sbd 001 0ceng  z 98023549  z0313302138 (alk. paper) aCaPaEBRcCaPaEBR a(OCoLC)4970868414aF208b.A44 1999eb04a328.73/092/275aB22100aAmerican legislative leaders in the South, 1911-1994h[electronic resource] /cJames Roger Sharp and Nancy Weatherly Sharp, editors ; Kevin G. Atwater and Gina Petonito, assistant editors ; Charles F. Ritter and Jon L. Wakelyn, advisory editors. aWestport, Conn. :bGreenwood Press,c1999. axiii, 361 p. aIncludes bibliographical references (p. [249]-258) and index. aElectronic reproduction.bPalo Alto, Calif. :cebrary,d2013.nAvailable via World Wide Web.nAccess may be limited to ebrary affiliated libraries. 0aLegislatorszSouthern StatesvBiographyvDictionaries. 0aLegislatorszUnited StatesxStatesvBiographyvDictionaries. 0aLegislative bodieszSouthern StatesxLeadership. 0aSouthern StatesvBiographyvDictionaries. 7aElectronic books.2local1 aSharp, James Roger,d1936-1 aSharp, Nancy Weatherly.2 aebrary, Inc.40uhttp://site.ebrary.com/lib/rucke/Doc?id=5005083zAn electronic book accessible through the World Wide Web; click to view